|
|
|
|
| LEADER |
00918nam a2200241 a 4500 |
| 001 |
13867905 |
| 008 |
100613s2006 maua 001 0 eng d |
| 010 |
|
|
|a \\2005922185
|
| 020 |
|
|
|a 1413003958 (pbk.)
|
| 040 |
|
|
|a UKM
|c UKM
|d PU
|d DLC
|d BD-DhAAL
|
| 082 |
0 |
4 |
|a 808.0668
|2 22
|
| 100 |
1 |
|
|a Griffith, Kelley.
|
| 245 |
1 |
0 |
|a Writing essays about literature :
|b a guide and style sheet /
|c Kelley Griffith.
|
| 250 |
|
|
|a 7th ed.
|
| 260 |
|
|
|a Boston, MA :
|b Thomson/Wadsworth,
|c c2006.
|
| 300 |
|
|
|a xviii, 430 p. :
|b ill. ;
|c 22 cm.
|
| 504 |
|
|
|a Includes indexes.
|
| 541 |
1 |
|
|e 00020371
|
| 650 |
|
0 |
|a Criticism.
|
| 650 |
|
0 |
|a Essay.
|
| 852 |
4 |
|
|a Ayesha Abed Library
|j General Shelf
|
| 999 |
|
|
|c 8919
|d 8919
|
| 952 |
|
|
|0 0
|1 0
|2 ddc
|4 0
|6 808_066800000000000_GRI_2006
|7 0
|9 10914
|a BRACUL
|b BRACUL
|c GEN
|d 2010-06-13
|l 4
|m 9
|o 808.0668 GRI
|p 3010020371
|r 2025-10-28
|s 2025-10-07
|t 1
|w 2010-06-13
|y BK
|x Transferred from ENH to Ayesha Abed library on 20/12/2023
|